| 000 | 00981cam a2200265 a 4500 | ||
|---|---|---|---|
| 008 | |||
| 020 | _a0415468701 (pbk.) | ||
| 049 | _aMAIN | ||
| 090 |
_aLB1028.24 _bIMP |
||
| 245 | 0 | 0 |
_aImproving inter-professional collaborations : _bmulti-agency working for children's wellbeing / _cAnne Edwards... [et al.] |
| 260 |
_aLondon : _bRoutledge, _c2009. |
||
| 300 |
_axviii, 222 p. : _bill. ; _c23 cm. |
||
| 500 | _alncludes index. | ||
| 504 | _aIncludes bibliographical references. | ||
| 650 | 0 |
_aAction research in education _zGreat Britain _vCase studies. |
|
| 650 | 0 |
_aGroup work in education _zGreat Britain _vCase studies. |
|
| 650 | 0 |
_aMarginality, Social _zGreat Britain _vCase studies. |
|
| 650 | 0 |
_aEducation _xParent participation _zGreat Britain _vCase studies. |
|
| 700 | 1 | _aEdwards, Anne. | |
| 907 |
_a.b10320726 _b02-11-12 _c15-10-12 |
||
| 003 | |||
| 005 | 20230123125457.0 | ||
| 040 | _cNUST | ||
| 942 |
_cBOOKS _kLB1028.24 _mIMP |
||
| 999 |
_c142212 _d142212 |
||